| 000 | 00833cam a2200241 a 4500 | ||
|---|---|---|---|
| 001 | 000004543 | ||
| 005 | 20200929151446.0 | ||
| 008 | 901005s1990 sp b 000 0 spa | ||
| 020 | _a8474261627 | ||
| 040 |
_aDO-SdBNP _cDLC _dDLC |
||
| 050 | 0 | 0 |
_aGN345 _b.C3755 1990 |
| 082 |
_a834.9 _bC267p |
||
| 100 | 1 |
_aCardín, Alberto _q(Alberto Cardín Garay), _d1948-1992 _913271 |
|
| 245 | 1 | 3 |
_aLo próximo y lo ajeno / _cAlberto Cardín /. |
| 260 |
_aBarcelona : _bICARIA, _c1990. |
||
| 300 |
_a286 p. ; _c21 cm. |
||
| 440 | 0 |
_aTientos etnológicos ; _vno. 2 _913272 |
|
| 440 | 0 |
_aAntrazit _913273 |
|
| 650 | 4 |
_aAntropología filosófica _vENSAYOS, CONFERENCIAS, ETC. _913274 |
|
| 650 | 4 |
_aEtnología _vENSAYOS, CONFERENCIAS, ETC. _913275 |
|
| 650 | 4 |
_aSociología _vENSAYOS, CONFERENCIAS, ETC. _913276 |
|
| 910 | _aCatalogación por copia / LC | ||
| 999 |
_c4351 _d4351 |
||